Library Banner

بھٹو راج کے آخری دن (Record no. 74882)

MARC details
000 -LEADER
fixed length control field 00404nam a22001457a 4500
005 - DATE AND TIME OF LATEST TRANSACTION
control field 20150824105901.0
008 - FIXED-LENGTH DATA ELEMENTS--GENERAL INFORMATION
fixed length control field 150824b xxu||||| |||| 00| 0 eng d
040 ## - CATALOGING SOURCE
Transcribing agency PK-LaUMT
082 ## - DEWEY DECIMAL CLASSIFICATION NUMBER
Classification number KHC 320
Item number ZAH-B
100 ## - MAIN ENTRY--PERSONAL NAME
Personal name ظھیر احمد
245 ## - TITLE STATEMENT
Title بھٹو راج کے آخری دن
Statement of responsibility, etc ظھیر احمد
260 ## - PUBLICATION, DISTRIBUTION, ETC. (IMPRINT)
Place of publication, distribution, etc لاہور
Name of publisher, distributor, etc نئی زندگی پبلشرز
Date of publication, distribution, etc 1977
300 ## - PHYSICAL DESCRIPTION
Extent 200 ص
942 ## - ADDED ENTRY ELEMENTS (KOHA)
Koha item type Books
Holdings
Withdrawn status Lost status Damaged status Home library Current library Date acquired Full call number Barcode Date last seen Price effective from Koha item type
      UMT Main Campus UMT Main Campus 2015-08-24 KHC 320 ZAH-B 67880 2015-08-24 2015-08-24 Books